[Event "LSS SA-2009-0-00080"]
[Site "LSS email"]
[Date "2009.08.22"]
[Round "?"]
[White "Aberg, Lars Erik"]
[Black "Warren, Robert"]
[Result "1/2-1/2"]
[WhiteElo "2032"]
[BlackElo "2092"]
[PlyCount "80"]
[EventDate "2009.08.07"]
[EventType "tourn (corr)"]
[EventRounds "6"]
[EventCountry "GER"]
[SourceTitle "Corr 2013"]
[Source "ChessBase"]
[SourceDate "2012.11.12"]
[SourceVersion "1"]
[SourceVersionDate "2012.11.12"]
[SourceQuality "1"]
[WhiteTeam "US of America"]
[BlackTeam "US of America"]
[WhiteTeamCountry "USA"]
[BlackTeamCountry "USA"]

1. d4 d5 2. c4 c6 3. Nc3 Nf6 4. Nf3 e6 5. Bg5 Nbd7 6. e3 Qa5 7. Nd2 Bb4 8. Qc2 0-0 9. Be2 c5 10. 0-0 cxd4 11. Nb3 Qd8 12. Nxd4 Bxc3 13. bxc3 dxc4 14. Bxc4 Qc7 15. Bd3 a6 16. Rfd1 b6 17. Rab1 Bb7 18. Rb2 Rac8 19. c4 g6 20. f3 e5 21. Nb3 e4 22. fxe4 Rfe8 23. Qd2 Bxe4 24. Be2 Ba8 25. Qd6 Qc6 26. Bf1 Kg7 27. Bf4 h6 28. Qa3 Ne4 29. Qxa6 Qf6 30. Nd4 g5 31. Bg3 Bc6 32. Qa3 Ra8 33. Qb4 Ndc5 34. Nxc6 Qxc6 35. Be1 Re6 36. Rc2 f6 37. Rd5 Rd6 38. Be2 Ra4 39. Qb2 Rxd5 40. cxd5 Qxd5 1/2-1/2

[Event "LSS SA-2009-0-00080"]
[Site "LSS email"]
[Date "2009.08.22"]
[Round "?"]
[White "Herzog, Klaus"]
[Black "Warren, Robert"]
[Result "1/2-1/2"]
[WhiteElo "1977"]
[BlackElo "2136"]
[PlyCount "41"]
[EventDate "2009.08.07"]
[EventType "tourn (corr)"]
[EventRounds "6"]
[EventCountry "GER"]
[SourceTitle "Telechess CBM 137"]
[Source "ChessBase"]
[SourceDate "2010.07.15"]
[SourceVersion "1"]
[SourceVersionDate "2010.07.15"]
[SourceQuality "1"]

1. d4 d5 2. c4 c6 3. Nc3 Nf6 4. e3 e6 5. Nf3 Nbd7 6. Qc2 Bd6 7. g4 h6 8. Rg1 e5 9. cxd5 cxd5 10. Nb5 Bb8 11. g5 hxg5 12. Nxg5 e4 13. Bd2 Nb6 14. Rc1 Bd7 15. Qc5 Nc8 16. Nc7+ Bxc7 17. Qxc7 Qxc7 18. Rxc7 Rxh2 19. Rxb7 a5 20. Be2 Nd6 21. Rb6 1/2-1/2

[Event "LSS WC-2013-P-00014"]
[Site "LSS email"]
[Date "2009.02.14"]
[Round "?"]
[White "Helmer, Janos"]
[Black "Warren, Robert"]
[Result "1/2-1/2"]
[WhiteElo "2159"]
[BlackElo "2144"]
[PlyCount "59"]
[EventDate "2009.02.18"]
[EventType "tourn (corr)"]
[EventRounds "6"]
[EventCountry "GER"]
[SourceTitle "Corr 2011"]
[Source "ChessBase"]
[SourceDate "2010.08.31"]
[SourceVersion "1"]
[SourceVersionDate "2010.08.31"]
[SourceQuality "1"]

1. c4 c5 2. Nc3 Nc6 3. g3 g6 4. Bg2 Bg7 5. Nf3 e5 6. 0-0 Nge7 7. Ne1 0-0 8. Nc2 d6 9. Ne3 Be6 10. d3 Qd7 11. Ned5 Bh3 12. Bxh3 Qxh3 13. Bg5 Nxd5 14. Nxd5 f5 15. Ne7+ Kf7 16. Nxc6 bxc6 17. Bd2 Qg4 18. Kg2 f4 19. f3 Qd7 20. Qa4 Kg8 21. Rab1 a5 22. e3 fxg3 23. hxg3 h5 24. Rf2 Bh6 25. Rh1 Bg5 26. Qc2 Qe6 27. f4 Bh6 28. Bc3 Bg7 29. Qe2 Rae8 30. Qf3 1/2-1/2

[Event "LSS WC-2013-P-00014"]
[Site "LSS email"]
[Date "2009.02.14"]
[Round "?"]
[White "Warren, Robert"]
[Black "Schalkwijk, Peter H"]
[Result "1-0"]
[WhiteElo "2143"]
[BlackElo "1513"]
[PlyCount "51"]
[EventDate "2009.02.18"]
[EventType "tourn (corr)"]
[EventRounds "6"]
[EventCountry "GER"]
[SourceTitle "Corr 2011"]
[Source "ChessBase"]
[SourceDate "2010.08.31"]
[SourceVersion "1"]
[SourceVersionDate "2010.08.31"]
[SourceQuality "1"]

1. d4 d5 2. c4 dxc4 3. Nf3 c5 4. e3 cxd4 5. Bxc4 Qc7 6. Qb3 e6 7. exd4 Nc6 8. Nc3 a6 9. Bd3 Be7 10. 0-0 Nf6 11. Bg5 Ng4 12. Bxe7 Nxe7 13. Rfc1 Qb8 14. Qa3 Bd7 15. Ne4 Bc6 16. Nd6+ Kd7 17. Ne5+ Nxe5 18. dxe5 f6 19. Re1 Nd5 20. Rac1 Qf8 21. Qb3 Rb8 22. Be4 fxe5 23. Nc4 Qf6 24. Qg3 g6 25. Nxe5+ Kd8 26. Bxd5 1-0

[Event "LSS CP-2007-Q-00015"]
[Site "LSS email"]
[Date "2009.01.15"]
[Round "?"]
[White "Boyd, John Michael"]
[Black "Warren, Robert"]
[Result "0-1"]
[WhiteElo "2024"]
[BlackElo "2127"]
[PlyCount "116"]
[EventDate "2009.01.15"]
[EventType "tourn (corr)"]
[EventRounds "6"]
[EventCountry "GER"]
[SourceTitle "Corr 2011"]
[Source "ChessBase"]
[SourceDate "2010.08.31"]
[SourceVersion "1"]
[SourceVersionDate "2010.08.31"]
[SourceQuality "1"]

1. d4 d5 2. e4 dxe4 3. Nc3 Nf6 4. f3 exf3 5. Nxf3 Bg4 6. h3 Bxf3 7. Qxf3 c6 8. Be3 e6 9. Bd3 Nbd7 10. 0-0 Be7 11. Rf2 0-0 12. Raf1 Ne8 13. Ne4 g6 14. Bh6 Ng7 15. Qf4 f5 16. Ng5 Nb6 17. Re1 Re8 18. c3 Bf6 19. Bc2 Nd5 20. Qd2 Qd6 21. Rfe2 Rad8 22. Bxg7 Bxg5 23. Qxg5 Kxg7 24. Re5 h6 25. Qd2 Rd7 26. Bb3 Rde7 27. Bxd5 cxd5 28. h4 Rf8 29. Qf4 a5 30. Qe3 Rf6 31. Qd3 Qc6 32. Qf3 Rd7 33. Qe2 Rd6 34. Re3 Qd7 35. Qf3 Rb6 36. R3e2 f4 37. Rf1 Rf5 38. Ref2 Qe7 39. Qe2 e5 40. dxe5 Qxh4 41. Rf3 Re6 42. Qd2 Rexe5 43. Qd4 Qf6 44. Rxf4 Rxf4 45. Rxf4 Rf5 46. Qxf6+ Kxf6 47. Ra4 b6 48. Rh4 Re5 49. Kf2 h5 50. Rd4 Ke6 51. Rd3 Rf5+ 52. Ke2 g5 53. g3 Ke5 54. Rd1 g4 55. Rd3 Kf6 56. a4 Kg5 57. Rd1 h4 58. gxh4+ Kxh4 0-1

[Event "LSS CP-2008-P-00049"]
[Site "LSS email"]
[Date "2008.10.01"]
[Round "?"]
[White "Elnemr, Amir"]
[Black "Warren, Robert"]
[Result "0-1"]
[WhiteElo "1400"]
[BlackElo "2164"]
[PlyCount "24"]
[EventDate "2008.10.01"]
[EventType "tourn (corr)"]
[EventRounds "6"]
[EventCountry "GER"]
[SourceTitle "Corr 2013"]
[Source "ChessBase"]
[SourceDate "2012.11.12"]
[SourceVersion "1"]
[SourceVersionDate "2012.11.12"]
[SourceQuality "1"]
[WhiteTeam "US of America"]
[BlackTeam "US of America"]
[WhiteTeamCountry "USA"]
[BlackTeamCountry "USA"]

1. d4 d5 2. c4 c6 3. Nf3 Nf6 4. Nc3 dxc4 5. e3 b5 6. a4 b4 7. Nb1 Ba6 8. b3 c3 9. Bxa6 Nxa6 10. Qd3 Nb8 11. Qc4 e6 12. Ne5 Qd5 0-1

[Event "LSS CP-2008-P-00049"]
[Site "LSS email"]
[Date "2008.10.01"]
[Round "?"]
[White "Kriksciunas, Bronislavas"]
[Black "Warren, Robert"]
[Result "1/2-1/2"]
[WhiteElo "2301"]
[BlackElo "2136"]
[PlyCount "108"]
[EventDate "2008.10.01"]
[EventType "tourn (corr)"]
[EventRounds "6"]
[EventCountry "GER"]
[SourceTitle "Telechess CBM 137"]
[Source "ChessBase"]
[SourceDate "2010.07.15"]
[SourceVersion "1"]
[SourceVersionDate "2010.07.15"]
[SourceQuality "1"]

1. Nf3 Nf6 2. d4 e6 3. c4 b6 4. a3 Bb7 5. Nc3 d5 6. cxd5 Nxd5 7. Qc2 Nxc3 8. Qxc3 h6 9. Bf4 Bd6 10. Ne5 Nd7 11. f3 Qe7 12. e4 0-0 13. Bc4 Rfd8 14. Nd3 c5 15. Bxd6 Qxd6 16. dxc5 Nxc5 17. Rd1 Rac8 18. Nf2 Qe7 19. Rxd8+ Qxd8 20. 0-0 Nxe4 21. Nxe4 b5 22. b3 Qb6+ 23. Kh1 bxc4 24. bxc4 Bxe4 25. fxe4 Qc5 26. Rc1 Rd8 27. h3 Rd4 28. Qb4 Qg5 29. Qb8+ Kh7 30. Qb1 f6 31. c5 Rd2 32. e5+ f5 33. Rg1 Qe3 34. c6 Qc5 35. Qb4 Qc2 36. a4 Rd5 37. Qb7 Rxe5 38. c7 Rc5 39. Qxa7 Rxc7 40. Qe3 Qa2 41. Re1 Rc6 42. Qd4 Ra6 43. Qd7 Qd5 44. Qxd5 exd5 45. Ra1 Kg6 46. a5 f4 47. Ra4 Kf5 48. g3 fxg3 49. Kg2 d4 50. Kxg3 Ke4 51. Kf2 Kd3 52. Kf3 g6 53. Ra3+ Kc4 54. Ke2 Kb4 1/2-1/2

[Event "IECG TE.2006.S.02301 email"]
[Site "IECG email"]
[Date "2008.03.01"]
[Round "1"]
[White "Van Esbroeck, Jeff"]
[Black "Warren, Robert"]
[Result "0-1"]
[WhiteElo "1835"]
[BlackElo "2081"]
[PlyCount "62"]
[EventDate "2008.03.01"]
[EventType "tourn (corr)"]
[EventRounds "12"]
[SourceTitle "Corr 2024"]
[Source "ChessBase"]
[SourceDate "2023.10.19"]
[SourceVersion "1"]
[SourceVersionDate "2023.10.19"]
[SourceQuality "1"]

1. e4 c5 2. c3 d5 3. exd5 Qxd5 4. d3 Nc6 5. Na3 Nf6 6. Qb3 Bf5 7. Qxb7 Rb8 8. Qa6 Ne5 9. Bf4 Rxb2 10. Nb5 Qd7 11. Bxe5 Rxb5 12. Nf3 Rb6 13. Qc4 e6 14. Be2 Rb2 15. Nh4 Bd6 16. Bxf6 gxf6 17. Bd1 Qc7 18. Nxf5 exf5 19. 0-0 Bxh2+ 20. Kh1 0-0 21. f4 Bg3 22. Rf3 Be1 23. d4 Qe7 24. Qxc5 Qe4 25. Rc1 h5 26. Qa3 Rfb8 27. Qd6 R8b6 28. Qa3 h4 29. Bb3 Rd2 30. Qxa7 Rxb3 31. axb3 h3 0-1

[Event "IECG CP.2006.Q.00015 email"]
[Site "IECG email"]
[Date "2008.01.15"]
[Round "?"]
[White "Korchut, Adam"]
[Black "Warren, Robert"]
[Result "0-1"]
[WhiteElo "2157"]
[BlackElo "2087"]
[PlyCount "98"]
[EventDate "2008.01.15"]
[EventType "tourn (corr)"]
[EventRounds "6"]
[SourceTitle "Corr 2024"]
[Source "ChessBase"]
[SourceDate "2023.10.19"]
[SourceVersion "1"]
[SourceVersionDate "2023.10.19"]
[SourceQuality "1"]

1. e4 c5 2. Nf3 d6 3. d4 cxd4 4. Nxd4 Nf6 5. Nc3 a6 6. Bg5 e6 7. f4 Qb6 8. Nb3 Be7 9. Qf3 Nbd7 10. Be2 Qc7 11. 0-0 h6 12. Bh4 b5 13. a3 Bb7 14. Rad1 0-0 15. Qh3 Rfe8 16. Bd3 e5 17. Bg3 Nb6 18. Bf2 Nc4 19. Bxc4 bxc4 20. Nd2 exf4 21. Bd4 Rad8 22. Qf5 d5 23. e5 Bc5 24. Nf3 Bxd4+ 25. Rxd4 Ne4 26. Kh1 Bc6 27. Qg4 Rf8 28. Qxf4 f6 29. Kg1 fxe5 30. Qxe5 Qa7 31. Qe6+ Kh8 32. Rfd1 Rf6 33. Qg4 Rdf8 34. h3 Rf4 35. Qg6 R8f6 36. Qh5 R6f5 37. Qg6 Nf6 38. Ne2 Rxf3 39. gxf3 Rg5+ 40. Qxg5 hxg5 41. R1d2 Ng8 42. c3 Ne7 43. Ng3 Ng6 44. Rh2 Kg8 45. Ne2 Ne5 46. Rf2 Nd3 47. Rg2 Qe7 48. Rdg4 Qe3+ 49. Kh2 Ne1 0-1

[Event "IECG CP.2007.P.00083 email"]
[Site "IECG email"]
[Date "2007.10.05"]
[Round "5"]
[White "Zhitnikov, Andrew"]
[Black "Warren, Robert"]
[Result "0-1"]
[WhiteElo "1998"]
[BlackElo "2088"]
[PlyCount "62"]
[EventDate "2007.10.01"]
[EventType "tourn (corr)"]
[EventRounds "6"]
[SourceTitle "Corr 2024"]
[Source "ChessBase"]
[SourceDate "2023.10.19"]
[SourceVersion "1"]
[SourceVersionDate "2023.10.19"]
[SourceQuality "1"]

1. d4 d5 2. c4 c6 3. Nc3 dxc4 4. e4 b5 5. a4 b4 6. Na2 Nf6 7. e5 Nd5 8. Bxc4 e6 9. Nf3 Be7 10. Bd2 a5 11. Nc1 Ba6 12. Qc2 c5 13. dxc5 Bxc5 14. Bxa6 Nxa6 15. Nb3 Qb6 16. 0-0 h6 17. Qe4 0-0 18. Qg4 Kh7 19. Qh5 Rac8 20. Rac1 Rc7 21. Qg4 Rfc8 22. h3 Kh8 23. Qh5 Kg8 24. Nxc5 Nxc5 25. Rc4 Nb3 26. Rg4 Nxd2 27. Nxd2 Ne3 28. fxe3 Qxe3+ 29. Kh2 Qxd2 30. Rf3 Rf8 31. Rfg3 g6 0-1

[Event "IECG CP.2007.P.00083 email"]
[Site "IECG email"]
[Date "2007.10.01"]
[Round "?"]
[White "Eshuis, Hans"]
[Black "Warren, Robert"]
[Result "0-1"]
[WhiteElo "1703"]
[BlackElo "2088"]
[PlyCount "26"]
[EventDate "2007.10.01"]
[EventType "tourn (corr)"]
[EventRounds "6"]
[SourceTitle "Corr 2024"]
[Source "ChessBase"]
[SourceDate "2023.10.19"]
[SourceVersion "1"]
[SourceVersionDate "2023.10.19"]
[SourceQuality "1"]

1. d4 d5 2. c4 c6 3. Nc3 dxc4 4. e4 b5 5. a4 b4 6. Na2 Nf6 7. e5 Nd5 8. Bxc4 e6 9. Ne2 a5 10. 0-0 Nb6 11. Bd3 Ba6 12. b3 c5 13. Be3 Be7 0-1

[Event "IECG CP.2007.P.00083 email"]
[Site "IECG email"]
[Date "2007.10.01"]
[Round "1"]
[White "Krishnamurthy, Prabhanandan"]
[Black "Warren, Robert"]
[Result "0-1"]
[WhiteElo "1345"]
[BlackElo "2088"]
[PlyCount "100"]
[EventDate "2007.10.01"]
[EventType "tourn (corr)"]
[EventRounds "6"]
[SourceTitle "Corr 2024"]
[Source "ChessBase"]
[SourceDate "2023.10.19"]
[SourceVersion "1"]
[SourceVersionDate "2023.10.19"]
[SourceQuality "1"]

1. e4 c5 2. Nf3 d6 3. d4 cxd4 4. Nxd4 Nf6 5. Nc3 a6 6. Be2 e6 7. 0-0 Be7 8. f4 0-0 9. Kh1 Qc7 10. a4 Nc6 11. Be3 Re8 12. Bf3 Bf8 13. Qd2 Na5 14. b3 Bd7 15. Rad1 Rac8 16. Nde2 Be7 17. Bf2 b5 18. e5 b4 19. exd6 bxc3 20. Qd3 Bxd6 21. Qxd6 Qxd6 22. Rxd6 Bc6 23. Be1 Nd5 24. Nd4 Bb7 25. Kg1 Ne3 26. Rf2 Nf5 27. Nxf5 exf5 28. Kf1 Bxf3 29. Rxf3 Nxb3 30. cxb3 c2 31. Bd2 c1Q+ 32. Bxc1 Rxc1+ 33. Kf2 Rc2+ 34. Kg3 h6 35. Rxa6 Ree2 36. h3 Rxg2+ 37. Kh4 g6 38. Rd6 Rce2 39. Rdd3 Re4 40. Rc3 Kg7 41. a5 Rb4 42. a6 Rb6 43. a7 Ra6 44. Rc7 Rga2 45. Rfc3 Rxa7 46. Rxa7 Rxa7 47. Kg3 Ra1 48. Rf3 Kf6 49. Rd3 Rg1+ 50. Kf2 Rb1 0-1

[Event "IECG WC.2006.F.00002 email"]
[Site "IECG email"]
[Date "2007.09.12"]
[Round "?"]
[White "Malinin, Vasily"]
[Black "Warren, Robert"]
[Result "1-0"]
[WhiteElo "2234"]
[BlackElo "2088"]
[PlyCount "109"]
[EventDate "2007.09.12"]
[EventType "tourn (corr)"]
[EventRounds "6"]
[SourceTitle "Corr 2024"]
[Source "ChessBase"]
[SourceDate "2023.10.19"]
[SourceVersion "1"]
[SourceVersionDate "2023.10.19"]
[SourceQuality "1"]

1. e4 c5 2. Nf3 d6 3. d4 cxd4 4. Nxd4 Nf6 5. Nc3 a6 6. Bc4 e6 7. a3 Be7 8. Ba2 0-0 9. g4 Nc6 10. g5 Nd7 11. f4 Qb6 12. Be3 Qxb2 13. Na4 Qxa3 14. c3 d5 15. Nxc6 bxc6 16. e5 Bd8 17. Bxd5 Qe7 18. Bxc6 Rb8 19. 0-0 Bc7 20. Ra2 Rd8 21. Rd2 Nf8 22. Bc5 Rxd2 23. Qxd2 Qd8 24. Qxd8 Bxd8 25. Rd1 Ba5 26. Kf2 Bc7 27. Bd6 Bxd6 28. Rxd6 Bb7 29. Bxb7 Rxb7 30. Rxa6 f6 31. exf6 gxf6 32. Ke3 fxg5 33. fxg5 Rb5 34. h4 Ng6 35. Ra8+ Kf7 36. Ra7+ Kg8 37. c4 Rb3+ 38. Kd4 Nxh4 39. Ke5 Ng6+ 40. Kxe6 Re3+ 41. Kd6 Rd3+ 42. Kc5 Rg3 43. Nb6 Rxg5+ 44. Nd5 h5 45. Kd6 Rg1 46. c5 Nh8 47. Nf6+ Kf8 48. Ra8+ Kf7 49. Rxh8 Kxf6 50. Rxh5 Rg8 51. c6 Rd8+ 52. Kc5 Rc8 53. Kb6 Rb8+ 54. Ka6 Re8 55. Kb7 1-0

[Event "IECG CP.2005.Q.00029 email"]
[Site "IECG email"]
[Date "2007.01.15"]
[Round "?"]
[White "Warren, Robert"]
[Black "Freeman, Ashley"]
[Result "1-0"]
[WhiteElo "2063"]
[BlackElo "1978"]
[PlyCount "117"]
[EventDate "2007.01.15"]
[EventType "tourn (corr)"]
[EventRounds "6"]
[EventCountry "GER"]
[SourceTitle "Corr 2011"]
[Source "ChessBase"]
[SourceDate "2010.08.31"]
[SourceVersion "1"]
[SourceVersionDate "2010.08.31"]
[SourceQuality "1"]

1. d4 Nf6 2. Nf3 g6 3. g3 Bg7 4. Bg2 0-0 5. 0-0 d6 6. c4 Nc6 7. Nc3 e5 8. d5 Ne7 9. e4 Nd7 10. Ne1 f5 11. Nd3 Nf6 12. Bg5 h6 13. Bxf6 Bxf6 14. f4 exf4 15. Nxf4 c6 16. Kh1 Be5 17. Qd2 Kh7 18. Rae1 Qc7 19. exf5 Bxf5 20. Nce2 cxd5 21. cxd5 g5 22. Ne6 Bxe6 23. dxe6 Qc4 24. Bxb7 Rab8 25. b3 Qxe6 26. Bg2 Rxf1+ 27. Rxf1 Kg7 28. Qe3 Qd7 29. Rd1 Rd8 30. a3 Nf5 31. Qd3 Rf8 32. b4 Rf6 33. Rc1 Qd8 34. Nc3 Qc7 35. a4 g4 36. Qe4 h5 37. Ne2 Qb6 38. Rf1 Nh6 39. Nf4 Bxf4 40. a5 Qc7 41. Rxf4 Rxf4 42. Qxf4 Nf7 43. Bd5 Ne5 44. Qg5+ Kf8 45. h4 a6 46. Kg1 Qa7+ 47. Kg2 Qc7 48. Kh1 Nd7 49. Be6 Qb7+ 50. Kh2 Qc7 51. Qg6 Ke7 52. Bf5 Qa7 53. Qg5+ Ke8 54. Qxh5+ Kd8 55. Qg5+ Kc7 56. Qf4 Ne5 57. Qc1+ Nc6 58. Be4 Qf2+ 59. Kh1 1-0

[Event "IECG TE.2006.P.02306 email"]
[Site "IECG email"]
[Date "2006.12.20"]
[Round "?"]
[White "Warren, Robert"]
[Black "Sherwood, Russell"]
[Result "1-0"]
[WhiteElo "2063"]
[BlackElo "1829"]
[PlyCount "89"]
[EventDate "2006.12.20"]
[EventType "tourn (corr)"]
[EventRounds "12"]
[SourceTitle "Corr 2024"]
[Source "ChessBase"]
[SourceDate "2023.10.19"]
[SourceVersion "1"]
[SourceVersionDate "2023.10.19"]
[SourceQuality "1"]

1. e4 c5 2. c3 d5 3. exd5 Qxd5 4. d4 Nf6 5. Nf3 e6 6. Na3 Nc6 7. Be3 cxd4 8. Nb5 Qd8 9. Nbxd4 Nd5 10. Nxc6 bxc6 11. Bd4 f6 12. Bc4 Bd6 13. 0-0 0-0 14. Re1 e5 15. Be3 Be6 16. Qa4 Qc7 17. Rad1 Rfd8 18. Bc1 Rab8 19. Bb3 a5 20. Nd4 exd4 21. Rxe6 dxc3 22. bxc3 Bxh2+ 23. Kh1 Bd6 24. Ba3 Bxa3 25. Rxc6 Qe7 26. Rxd5 Rxd5 27. Bxd5+ Kh8 28. g3 Qd7 29. Be6 Qb7 30. Kg2 Rd8 31. Qe4 Bd6 32. Bd5 Qd7 33. c4 Be5 34. Ra6 Bc7 35. Be6 Qe7 36. Qb7 Rb8 37. Qc6 Be5 38. Rxa5 g6 39. a4 Re8 40. Ra6 Bd4 41. a5 f5 42. Qd6 Qb7+ 43. Rc6 Qb2 44. Qf4 Rd8 45. Rb6 1-0

[Event "IECG TE.2006.P.02306 email"]
[Site "IECG email"]
[Date "2006.12.20"]
[Round "?"]
[White "Warren, Robert"]
[Black "Trevis, Robert"]
[Result "1-0"]
[WhiteElo "2063"]
[BlackElo "1050"]
[PlyCount "67"]
[EventDate "2006.12.20"]
[EventType "tourn (corr)"]
[EventRounds "12"]
[SourceTitle "Corr 2024"]
[Source "ChessBase"]
[SourceDate "2023.10.19"]
[SourceVersion "1"]
[SourceVersionDate "2023.10.19"]
[SourceQuality "1"]

1. e4 c5 2. c3 Nf6 3. e5 Nd5 4. d4 cxd4 5. Nf3 Nc6 6. Bc4 Nb6 7. Bb3 d5 8. exd6 Bf5 9. Nxd4 Nxd4 10. Qxd4 Qxd6 11. Qxd6 exd6 12. Be3 Bd3 13. Na3 Be7 14. 0-0-0 Be4 15. Nb5 0-0 16. f3 Bc6 17. Nxd6 Rad8 18. Nf5 Bf6 19. Rhe1 Rxd1+ 20. Kxd1 Rd8+ 21. Kc2 Bb5 22. Bd4 Bxd4 23. Nxd4 Bc4 24. Bxc4 Nxc4 25. b3 Nd6 26. Re5 Kf8 27. Rd5 Ke7 28. g4 Kf8 29. Nf5 Nxf5 30. Rxd8+ Ke7 31. Rg8 Ne3+ 32. Kd2 Nf1+ 33. Ke2 Nxh2 34. Rxg7 1-0

[Event "IECG CP.2006.P.00012 email"]
[Site "IECG email"]
[Date "2006.10.01"]
[Round "?"]
[White "Perez, Giorgio"]
[Black "Warren, Robert"]
[Result "0-1"]
[WhiteElo "1814"]
[BlackElo "2043"]
[PlyCount "74"]
[EventDate "2006.10.01"]
[EventType "tourn (corr)"]
[EventRounds "6"]
[SourceTitle "Corr 2011"]
[Source "ChessBase"]
[SourceDate "2010.08.31"]
[SourceVersion "1"]
[SourceVersionDate "2010.08.31"]
[SourceQuality "1"]

1. e4 c5 2. Nf3 d6 3. d4 cxd4 4. Nxd4 Nf6 5. Nc3 a6 6. Bg5 e6 7. f4 Be7 8. Qf3 Qc7 9. 0-0-0 Nbd7 10. Bd3 b5 11. Rhe1 Bb7 12. Qg3 b4 13. Nd5 exd5 14. exd5 Kd8 15. Qe3 Nb6 16. Nf5 Nbxd5 17. Qh3 Bc8 18. Qf3 Bxf5 19. Bxf5 Rb8 20. Rxd5 Nxd5 21. Qxd5 Bxg5 22. fxg5 Re8 23. Rd1 Rb5 24. Qa8+ Ke7 25. Qf3 Kf8 26. Bxh7 Rxg5 27. Bd3 Qc8 28. Qf4 Qc5 29. Bc4 Qe3+ 30. Qxe3 Rxe3 31. g3 Rh5 32. Rxd6 Rxh2 33. Bxa6 Rxg3 34. b3 Rgg2 35. Bd3 Rg1+ 36. Kb2 Rhh1 37. c4 Rh2+ 0-1

[Event "IECG CP.2006.P.00012 email"]
[Site "IECG email"]
[Date "2006.10.01"]
[Round "?"]
[White "Warren, Robert"]
[Black "Dzulynski, Marek"]
[Result "1/2-1/2"]
[WhiteElo "2043"]
[BlackElo "1687"]
[PlyCount "81"]
[EventDate "2006.10.01"]
[EventType "tourn (corr)"]
[EventRounds "6"]
[SourceTitle "Corr 2011"]
[Source "ChessBase"]
[SourceDate "2010.08.31"]
[SourceVersion "1"]
[SourceVersionDate "2010.08.31"]
[SourceQuality "1"]

1. d4 Nf6 2. c4 e6 3. Nc3 Bb4 4. Qc2 d5 5. cxd5 Qxd5 6. Nf3 Qf5 7. Qxf5 exf5 8. a3 Be7 9. Bf4 c6 10. e3 Nbd7 11. Bc4 Nb6 12. Ba2 0-0 13. 0-0 Nbd5 14. Nxd5 Nxd5 15. Bxd5 cxd5 16. Rfc1 Re8 17. Rc7 Bd8 18. Rc3 f6 19. h4 Bd7 20. Rac1 Be7 21. Rb3 Bc6 22. Ne1 Rac8 23. Nd3 g5 24. hxg5 fxg5 25. Be5 Kf7 26. Rbc3 Bd7 27. Nc5 Bxc5 28. Rxc5 Rc6 29. Rxc6 Bxc6 30. f3 Rc8 31. a4 Ke6 32. Kf2 h5 33. b4 Bd7 34. Rxc8 Bxc8 35. Bc7 Kd7 36. Be5 Ke7 37. b5 h4 38. Bb8 a6 39. bxa6 bxa6 40. a5 Bd7 41. Kg1 1/2-1/2

[Event "IECG WC.2010.P.00022 email"]
[Site "IECG email"]
[Date "2006.06.05"]
[Round "?"]
[White "Suarez, Ron"]
[Black "Warren, Robert"]
[Result "1/2-1/2"]
[WhiteElo "1717"]
[BlackElo "2050"]
[PlyCount "82"]
[EventDate "2006.06.05"]
[EventType "tourn (corr)"]
[EventRounds "6"]
[SourceTitle "Corr 2008"]
[Source "ChessBase"]
[SourceDate "2008.06.24"]
[SourceVersion "1"]
[SourceVersionDate "2008.06.24"]
[SourceQuality "1"]

1. e4 c5 2. Nc3 Nc6 3. g3 g6 4. Bg2 Bg7 5. d3 d6 6. Be3 e6 7. Qd2 Nge7 8. Bh6 Bxh6 9. Qxh6 Nd4 10. Qd2 Nec6 11. Nd1 Qa5 12. Qxa5 Nxa5 13. Ne3 e5 14. c3 Ne6 15. Nf3 b5 16. h4 Bb7 17. h5 c4 18. hxg6 fxg6 19. dxc4 Nxc4 20. Nxc4 bxc4 21. Nd2 Rc8 22. Rh6 Kf7 23. Ke2 Kg7 24. Rh4 h5 25. f4 Nc5 26. Ke3 exf4+ 27. gxf4 Rce8 28. Rg1 Bxe4 29. Bxe4 Nxe4 30. Nxe4 d5 31. f5 Rh6 32. b3 cxb3 33. axb3 Kf7 34. fxg6+ Rxg6 35. Rf1+ Kg7 36. b4 Rg4 37. Rf4 Rxf4 38. Rxf4 Rxe4+ 39. Rxe4 dxe4 40. Kxe4 Kf6 41. c4 h4 1/2-1/2

[Event "IECG WC.2010.P.00022 email"]
[Site "IECG email"]
[Date "2006.06.05"]
[Round "?"]
[White "Warren, Robert"]
[Black "Johansen, Toralf"]
[Result "1/2-1/2"]
[WhiteElo "2050"]
[BlackElo "1917"]
[PlyCount "113"]
[EventDate "2006.06.05"]
[EventType "tourn (corr)"]
[EventRounds "6"]
[SourceTitle "Corr 2011"]
[Source "ChessBase"]
[SourceDate "2010.08.31"]
[SourceVersion "1"]
[SourceVersionDate "2010.08.31"]
[SourceQuality "1"]

1. d4 Nf6 2. c4 e6 3. Nc3 Bb4 4. Qc2 0-0 5. a3 Bxc3+ 6. Qxc3 b6 7. Bg5 Ba6 8. e3 d6 9. Bd3 Nbd7 10. Ne2 h6 11. Bh4 c5 12. Qc2 Qc7 13. Qa4 Qb7 14. 0-0 d5 15. b3 cxd4 16. exd4 e5 17. Bxf6 Nxf6 18. dxe5 Nd7 19. Bf5 Rad8 20. f4 Nc5 21. Qb4 dxc4 22. bxc4 Qa8 23. Ng3 Rd4 24. Qc3 Rxc4 25. Qe3 Qc6 26. Rad1 Bb7 27. Rf2 Ne6 28. Ne2 Qc5 29. Qxc5 Nxc5 30. Ng3 Ra4 31. Ra1 Rd8 32. Bc2 Ra5 33. Nf5 b5 34. Rff1 Rd2 35. Rf2 Rxf2 36. Kxf2 g6 37. Nd4 b4 38. a4 Ne4+ 39. Ke3 Nc3 40. g3 Kg7 41. Bb3 Rc5 42. a5 Bd5 43. a6 f6 44. Bxd5 Nxd5+ 45. Kd3 Rc3+ 46. Ke4 Nc7 47. e6 f5+ 48. Ke5 Ne8 49. Kd5 Nf6+ 50. Kd6 Ne4+ 51. Ke7 Rd3 52. Nc6 Nf6 53. Nxa7 Ng8+ 54. Ke8 Nf6+ 55. Ke7 Ng8+ 56. Ke8 Nf6+ 57. Ke7 1/2-1/2